000 00539nam a2200169 i 4500
001 98269
003 ES-MaACL
005 20230906182240.0
007 t|
008 050727s1967 sp ||||1| spa d
100 1 _aMartelet, Gustave.
_977164
245 1 0 _aSantidad de la Iglesia y vida religiosa /
_cGustave Martelet S.J.; [versión española por M. María Serafina Teresa].
260 _aBilbao :
_bMensajero,
_c1967.
300 _a144 p. ;
_c20 cm.
700 1 _aMaría Serafina Teresa.
_976671
852 _aES-MaACL
_jC-33210
_bR.64001
999 _c98269
_d98269